| 000 -LEADER |
| fixed length control field |
00449nam a22001577a 4500 |
| 008 - FIXED-LENGTH DATA ELEMENTS--GENERAL INFORMATION |
| fixed length control field |
210101b ||||| |||| 00| 0 eng d |
| 020 ## - INTERNATIONAL STANDARD BOOK NUMBER |
| International Standard Book Number |
9788131708286 |
| 082 ## - DEWEY DECIMAL CLASSIFICATION NUMBER |
| Classification number |
629.8 |
| Item number |
GHO |
| 100 ## - MAIN ENTRY--PERSONAL NAME |
| Personal name |
Ghosh, Smarajit |
| 245 ## - TITLE STATEMENT |
| Title |
Control systems : theory and applications |
| 260 ## - PUBLICATION, DISTRIBUTION, ETC. (IMPRINT) |
| Place of publication, distribution, etc |
New Delhi |
| Name of publisher, distributor, etc |
Dorling kindersley (India) Pvt. Ltd. |
| Date of publication, distribution, etc |
2012 |
| 300 ## - PHYSICAL DESCRIPTION |
| Extent |
xvi, 612p. |
| Other physical details |
Pbc |
| 650 ## - SUBJECT ADDED ENTRY--TOPICAL TERM |
| Topical term or geographic name as entry element |
Automatic control |
| 650 ## - SUBJECT ADDED ENTRY--TOPICAL TERM |
| Topical term or geographic name as entry element |
Mechanical engineering |
| 942 ## - ADDED ENTRY ELEMENTS (KOHA) |
| Item type |
Books |